004690000a2200157000450000500170000094200090001710000210002624500460004726000390009330000110013204000080014336500130015165000420016499900190020695200860022520120302062657.0 cBOOK a DR.KATE SWAMIJI a KAT ? SAMBHOGATUN SAMADHI ?? ( KHAND I ) aPUNE : JEEVAN JAGRUTI KENDRA ,1988 a146 P. aMAR bRS.40 /- aSAMADHI / KATE SWAMI / OSHO / RAJNISH c357360d357357 00104070aIOSbIOSd2009-12-02l0pIOS-M 18413r2009-12-02 00:00:00w2009-12-02